00347nam a2200097Ia 4500001000400000008004100004082002500045100008500070245007300155260002100228563241024s9999 xx 000 0 und d aRD/370.97293/R426s/3 aRepública Dominicana.Secretaria de Estado de Educación Bellas Artes y Cultos 0aSíntesis del Plan Decenal de Educación de la Regional de la Vega bDe Coloresc1995